[Event "VCN SchaakFestival"]
[Site "Soest"]
[Date "1999.05.16"]
[Round "6"]
[White "Van Oldenrijk, Simon"]
[Black "Reed, James A"]
[Result "0-1"]
[WhiteElo "1700"]
[BlackElo "1875"]
[PlyCount "92"]
[EventDate "1999.05.14"]
[EventType "swiss"]
[EventRounds "7"]
[EventCountry "NED"]
[SourceTitle "EXT 2000"]
[Source "ChessBase"]
[SourceDate "1999.11.16"]
[SourceVersion "1"]
[SourceVersionDate "1999.11.16"]
[SourceQuality "1"]

1. d4 Nf6 2. c4 g6 3. Nc3 Bg7 4. e4 d6 5. Bg5 h6 6. Bxf6 Bxf6 7. f4 c5 8. e5 cxd4 9. Qxd4 Nc6 10. Qd5 dxe5 11. Qxd8+ Nxd8 12. Nd5 0-0 13. fxe5 Bxe5 14. Nxe7+ Kg7 15. Nxc8 Rxc8 16. 0-0-0 Nc6 17. Nf3 Bf6 18. Kb1 Rfd8 19. Be2 Na5 20. Rxd8 Rxd8 21. b3 Re8 22. Bd3 Nc6 23. Rd1 Nb4 24. Bf1 Re7 25. a3 Nc6 26. Kc2 g5 27. Re1 Rd7 28. h3 h5 29. Re4 a5 30. g4 hxg4 31. Rxg4 Kh6 32. Be2 Be7 33. Bd3 Bxa3 34. Bf5 Re7 35. Rxg5 Nd4+ 36. Nxd4 Kxg5 37. Bc8 Bc5 38. h4+ Kh5 39. Nf3 Re2+ 40. Kd1 Re7 41. Kc2 b6 42. Bf5 Re2+ 43. Kd1 Re3 44. Ng5 Kxh4 45. Nxf7 Rxb3 46. Bd7 Rd3+ 0-1

[Event "VCN SchaakFestival"]
[Site "Soest"]
[Date "1999.05.15"]
[Round "3"]
[White "Esmaeel, Barzan"]
[Black "Van Oldenrijk, Simon"]
[Result "1-0"]
[WhiteElo "1700"]
[BlackElo "1700"]
[PlyCount "67"]
[EventDate "1999.05.14"]
[EventType "swiss"]
[EventRounds "7"]
[EventCountry "NED"]
[SourceTitle "EXT 2000"]
[Source "ChessBase"]
[SourceDate "1999.11.16"]
[SourceVersion "1"]
[SourceVersionDate "1999.11.16"]
[SourceQuality "1"]

1. d4 d5 2. c4 e6 3. Nc3 c5 4. Nf3 cxd4 5. Nxd4 e5 6. Nf3 d4 7. Nd5 Nc6 8. e3 dxe3 9. Bxe3 Bg4 10. Be2 f5 11. Bg5 Qa5+ 12. Bd2 Qc5 13. Nc7+ Kd7 14. Nxa8 Kc8 15. 0-0 Nf6 16. Ng5 h5 17. Be3 Qe7 18. h3 f4 19. Bxa7 Bxe2 20. Nb6+ Kc7 21. Qxe2 Nxa7 22. Na4 Nd7 23. Ne4 g5 24. f3 Nc6 25. Nac3 Kb8 26. Nd5 Qd8 27. Qd2 g4 28. fxg4 hxg4 29. Ndf6 Qb6+ 30. Qf2 Nc5 31. Nxc5 Bxc5 32. Nd7+ Kc7 33. Nxc5 f3 34. Ne6+ 1-0

[Event "VCN SchaakFestival"]
[Site "Soest"]
[Date "1999.05.15"]
[Round "5"]
[White "Van Delft, Karel"]
[Black "Van Oldenrijk, Simon"]
[Result "0-1"]
[WhiteElo "1539"]
[BlackElo "1700"]
[PlyCount "23"]
[EventDate "1999.05.14"]
[EventType "swiss"]
[EventRounds "7"]
[EventCountry "NED"]
[SourceTitle "EXT 2000"]
[Source "ChessBase"]
[SourceDate "1999.11.16"]
[SourceVersion "1"]
[SourceVersionDate "1999.11.16"]
[SourceQuality "1"]

1. e4 c5 2. Nf3 a6 3. d4 cxd4 4. Nxd4 e5 5. Nb3 Nf6 6. Nc3 Bb4 7. Bd2 Bxc3 8. Bxc3 0-0 9. Bd3 Nc6 10. 0-0 d5 11. exd5 Nxd5 12. Bd2 0-1

[Event "VCN SchaakFestival"]
[Site "Soest"]
[Date "1999.05.15"]
[Round "4"]
[White "Van Oldenrijk, Simon"]
[Black "Tenwolde, Aad"]
[Result "1/2-1/2"]
[WhiteElo "1700"]
[BlackElo "1628"]
[PlyCount "38"]
[EventDate "1999.05.14"]
[EventType "swiss"]
[EventRounds "7"]
[EventCountry "NED"]
[SourceTitle "EXT 2000"]
[Source "ChessBase"]
[SourceDate "1999.11.16"]
[SourceVersion "1"]
[SourceVersionDate "1999.11.16"]
[SourceQuality "1"]

1. e4 c5 2. Nf3 Nc6 3. c3 d5 4. e5 Bg4 5. Bb5 Qb6 6. Bxc6+ Qxc6 7. d4 f6 8. 0-0 0-0-0 9. h3 Bh5 10. g4 Bf7 11. Bf4 g5 12. Bg3 h5 13. Re1 hxg4 14. hxg4 e6 15. Nbd2 Nh6 16. exf6 Nxg4 17. Nxg5 Bh5 18. Rxe6 Qd7 19. Qe1 Rh6 1/2-1/2